000 02655nam a22002297a 4500
999 _c58869
_d58869
003 Ge_BSU
005 20221012105054.0
008 221012s2012 ge ||||| |||| 00| 0 geo d
041 _ageo
080 _a908(73)(063)+94(73)(063)+821.111(73)(063) ს-12
245 _aჯონ სტაინბეკის დაბადებიდან 110 წლისთავისადმი მიძღვნილი VI საერთაშორისო კონფერენცია ამერიკისმცოდნეობაში = VI international conference on american studies :
_bოქტომბერი 2012 ქუთაისი : ენა, ლიტერატურა, კულტურა, ხელოვნება, ქართულ-ამერიკული ურთიერთობები, პოლიტიკა, ისტორია, ეკონომიკა, განათლება, საზოგადოება : [კონფერენციის მასალები] /
_cმთ. რედ. ირაკლი ცხვედიანი. - ქუთაისი : აკ. წერეთლის სახელმწ. უნ-ტის გამ-ბა და სტ., 2012. - 494 გვ. : ფოტ. ; 20 სმ.. - ზესათ.: აკ. წერეთლის სახელმწ. უნ-ტი, ვახტანგ ამაღლობელის სახ. ამერიკის შესწავლის ცენტრი, ჯონ დოს პასოსის საქ. ასოციაცია.
264 _a ქუთაისი :
_bაკ. წერეთლის სახელმწ. უნ-ტის გამ-ბა და სტ.,
_c2012.
300 _a494 გვ. :
_bფოტ. ;
_c 20 სმ.
653 _a ამერიკისმცოდნეობა - კონფერენციები
700 _a ცხვედიანი, ი.
_eავტორი
_915271
700 _aბრიჯისი, პ.
_eავტორი
_915272
700 _aრეილსბეკი, ბ.
_eავტორი
_915273
700 _aტუნაძე, თ.
_eავტორი
_915274
700 _aორაგველიძე, თ. და სხვ.
_eავტორი
_915275
710 _aაკ. წერეთლის სახელმწ. უნ-ტი
_bვახტანგ ამაღლობელის სახ. ამერიკის შესწავლის ცენტრი; ჯონ დოს პასოსის საქ. ასოციაცია
_915276
942 _2udc
_cBK